<?xml version="1.0" encoding="UTF-8"?>
<collection xmlns="http://www.loc.gov/MARC21/slim">
<record>
  <controlfield tag="001">1895</controlfield>
  <controlfield tag="005">20160701171655.0</controlfield>
  <datafield tag="024" ind1="7" ind2=" ">
    <subfield code="a">10.1007/BF00627133</subfield>
    <subfield code="2">DOI</subfield>
  </datafield>
  <datafield tag="037" ind1=" " ind2=" ">
    <subfield code="a">ASTROimport-52</subfield>
  </datafield>
  <datafield tag="100" ind1=" " ind2=" ">
    <subfield code="a">Dommanget, J.</subfield>
  </datafield>
  <datafield tag="260" ind1=" " ind2=" ">
    <subfield code="c">1993</subfield>
  </datafield>
  <datafield tag="245" ind1=" " ind2=" ">
    <subfield code="a">A development of double star astronomy after HIPPARCOS</subfield>
  </datafield>
  <datafield tag="520" ind1=" " ind2=" ">
    <subfield code="a">Double and multiple stars introduced in the Input Catalog based on data from the Hipparcos satellite are described. It is noted that Hipparcos will provide data for an extended sample of 118,000 stars in astrometric and photometric uniform systems. A large subset of double and multiple systems represent more than 10 percent of the Input Catalog. The Hipparcos satellite makes it possible to increase the accuracy of the expected data by a factor of 10, but its short operational period which is 10 -100 times shorter than the majority of the known orbital period of visual double stars will have a negative impact on research on double and multiple systems. </subfield>
  </datafield>
  <datafield tag="700" ind1=" " ind2=" ">
    <subfield code="a"> Lampens, P.</subfield>
  </datafield>
  <datafield tag="773" ind1=" " ind2=" ">
    <subfield code="p">Astrophysics and Space Science</subfield>
    <subfield code="v">200</subfield>
    <subfield code="y">1993</subfield>
    <subfield code="c">221-238</subfield>
  </datafield>
  <datafield tag="856" ind1="4" ind2="2">
    <subfield code="a">http://esoads.eso.org/abs/1993Ap%26SS.200..221D</subfield>
  </datafield>
  <datafield tag="905" ind1=" " ind2=" ">
    <subfield code="a">published in</subfield>
  </datafield>
  <datafield tag="980" ind1=" " ind2=" ">
    <subfield code="a">REFERD</subfield>
  </datafield>
</record>
</collection>